|
|
|
|
| LEADER |
01120cam a2200241 a 4500 |
| 008 |
010209r20011980nyu 000 1 eng |
| 010 |
|
|
|a 2001023376
|
| 020 |
|
|
|a 0345315596
|
| 100 |
1 |
|
|a Clarke, Arthur C.
|q (Arthur Charles),
|d 1917-2008.
|
| 245 |
1 |
4 |
|a The fountains of paradise /
|c Arthur C. Clarke.
|
| 260 |
|
|
|a New York :
|b Ballantine books,
|c c1978.
|
| 300 |
|
|
|a 330 p. ;
|c 21 cm.
|
| 500 |
|
|
|a "With a new introduction by the author"--Cover.
|
| 650 |
|
0 |
|a Elevators
|x Design and construction
|v Fiction.
|
| 650 |
|
0 |
|a Mountains
|x Religious aspects
|v Fiction.
|
| 650 |
|
0 |
|a Monks
|v Fiction.
|
| 655 |
|
7 |
|a Science fiction.
|2 gsafd
|
| 856 |
4 |
2 |
|u http://www.loc.gov/catdir/enhancements/fy0914/2001023376-d.html
|
| 906 |
|
|
|a 7
|b cbc
|c orignew
|d 1
|e ocip
|f 20
|g y-gencatlg
|
| 942 |
|
|
|c BK
|
| 955 |
|
|
|a to HLCD pc05 02-09-01 ; lh04 to subj. 02-13-01; lh06 02-13-01; to Dewey 02-15-01;aa03 2-16-01
|a ps03 2001-09-04 bk rec'd, to CIP ver.
|a ld11 2001-12-14 cp2 to BCCD
|
| 999 |
|
|
|c 360761
|d 360761
|
| 952 |
|
|
|0 0
|1 0
|2 ddc
|4 0
|7 3
|9 419303
|a UL
|b UL
|c PROC
|d 2021-09-06
|e Donation -I.G.Bhaskara Panikker Family
|i G14079
|l 0
|p G14079
|r 2021-09-06
|w 2021-09-06
|y BK
|